[Event "Miskolc U18 Girls"]
[Site "Miskolc"]
[Date "1999.05.23"]
[Round "4"]
[White "Elek, Sarolta"]
[Black "Varadi, Alexandra"]
[Result "1/2-1/2"]
[WhiteElo "1490"]
[BlackElo "1500"]
[PlyCount "36"]
[EventDate "1999.05.22"]
[EventType "swiss"]
[EventRounds "7"]
[EventCountry "HUN"]
[SourceTitle "EXT 2004"]
[Source "ChessBase"]
[SourceDate "2003.11.25"]
[SourceVersion "1"]
[SourceVersionDate "2003.11.25"]
[SourceQuality "1"]

1. c4 Nf6 2. d4 g6 3. Nc3 Bg7 4. e4 d6 5. f3 c5 6. dxc5 dxc5 7. Qxd8+ Kxd8 8. Bd3 Nc6 9. Nge2 e5 10. 0-0 Ke7 11. Be3 Nd4 12. Bxd4 cxd4 13. Nd5+ Nxd5 14. cxd5 Bd7 15. Rac1 Rhc8 16. f4 Rxc1 17. Rxc1 Rc8 18. Rxc8 Bxc8 1/2-1/2